[Event "Velka cena Tabora"]
[Site "?"]
[Date "2018.07.30"]
[Round "3.29"]
[White "Placer, Sebastian"]
[Black "Hanzl, Tadeas"]
[Result "1-0"]
[WhiteElo "1868"]
[BlackElo "1614"]
[PlyCount "143"]
[EventDate "2018.??.??"]

1. d4 Nf6 2. c4 g6 3. Nf3 Bg7 4. Nc3 d6 5. e4 O-O 6. Be2 e5 7. d5 Nbd7 8. O-O
Nc5 9. Qc2 a5 10. Be3 b6 11. a3 a4 12. Bxc5 bxc5 13. b4 axb3 14. Qxb3 Ne8 15.
Nd2 f5 16. f3 Bh6 17. Rfd1 Be3+ 18. Kh1 Ng7 19. Nf1 Bf2 20. Bd3 f4 21. Ra2 Bd4
22. Nb5 g5 23. Nxd4 exd4 24. Be2 h5 25. h3 Ne8 26. Nh2 Nf6 27. Qd3 Rf7 28. Kg1
Nd7 29. a4 Ne5 30. Qd2 Qd7 31. a5 Ba6 32. Qc2 Rg7 33. Rb1 Kf7 34. Rab2 Rgg8 35.
Kf1 Rgd8 36. Ke1 Ke7 37. Kd2 Qe8 38. Kc1 Rdb8 39. Nf1 Rxb2 40. Rxb2 Rb8 41. Rb3
Rxb3 42. Qxb3 Qd8 43. Nd2 c6 44. Qa3 cxd5 45. exd5 Qb8 46. Kc2 Qb7 47. Qa4 Qc8
48. Ne4 g4 49. hxg4 hxg4 50. Qb3 gxf3 51. gxf3 Qb7 52. Qa4 d3+ 53. Bxd3 Nxf3
54. Kc3 Nd4 55. Qa3 f3 56. Nxc5 Nb5+ 57. cxb5 Qxd5 58. Nxa6 f2 59. Kc2 Qg2 60.
Kb1 Qf3 61. Ka2 Qd1 62. Qc3 f1=Q 63. Bxf1 Qxf1 64. Qe3+ Kf8 65. Qh6+ Kf7 66.
Qh7+ Kf8 67. Qh8+ Kf7 68. Qh7+ Kf8 69. Qb1 Qe2+ 70. Ka3 Qe3+ 71. Ka4 Qd4+ 72.
Nb4 1-0

[Event "Velka cena Tabora"]
[Site "?"]
[Date "2018.07.30"]
[Round "3.30"]
[White "Plasil, Vojtech"]
[Black "Zimovcak, Zdenek"]
[Result "1-0"]
[WhiteElo "1859"]
[BlackElo "1609"]
[PlyCount "57"]
[EventDate "2018.??.??"]

1. e4 e5 2. Nf3 d6 3. d4 Nd7 4. Bc4 c6 5. a4 h6 6. O-O Qc7 7. c3 Ngf6 8. Nbd2
Be7 9. a5 O-O 10. Bd3 Nh7 11. Nc4 Bf6 12. Be3 Re8 13. dxe5 dxe5 14. Bc2 Be7 15.
b4 Nhf6 16. h3 Bf8 17. Nh4 Nb8 18. Qe2 Be6 19. f4 Bxc4 20. Qxc4 exf4 21. Bxf4
Qe7 22. e5 Nd5 23. Qd3 g6 24. Nxg6 fxg6 25. Qxg6+ Kh8 26. Bxh6 Bxh6 27. Qxh6+
Kg8 28. Qg6+ Kh8 29. Rf7 1-0

[Event "Velka cena Tabora"]
[Site "?"]
[Date "2018.08.01"]
[Round "4.2"]
[White "Popelka, Oldrich"]
[Black "Zilavy, Jan"]
[Result "0-1"]
[WhiteElo "2110"]
[BlackElo "2030"]
[PlyCount "58"]
[EventDate "2018.??.??"]

1. Nf3 Nf6 2. d4 e6 3. e3 b6 4. Bd3 Bb7 5. O-O Be7 6. b3 O-O 7. Bb2 Ne4 8. Nbd2
f5 9. c4 Qe8 10. Qc2 Nxd2 11. Nxd2 Qh5 12. e4 Na6 13. a3 Rf6 14. Rfe1 Bd6 15.
Nf1 Bxh2+ 16. Nxh2 Rh6 17. f3 Qxh2+ 18. Kf2 Rg6 19. Rg1 Rf8 20. Rae1 Rg3 21.
Re3 g5 22. d5 f4 23. Ree1 Nc5 24. Be2 g4 25. b4 exd5 26. cxd5 gxf3 27. Bxf3 Ba6
28. Qc3 Rxf3+ 29. Qxf3 Nd3+ 0-1

[Event "Velka cena Tabora"]
[Site "?"]
[Date "2018.08.01"]
[Round "4.3"]
[White "Dolezal, Radoslav"]
[Black "Kotal, Vaclav"]
[Result "1/2-1/2"]
[WhiteElo "2368"]
[BlackElo "2101"]
[PlyCount "57"]
[EventDate "2018.??.??"]

1. d4 Nf6 2. Nf3 e6 3. g3 b5 4. Bg2 Bb7 5. O-O c5 6. a4 b4 7. c4 cxd4 8. Qxd4
Nc6 9. Qd3 Be7 10. Nbd2 O-O 11. b3 d5 12. Bb2 dxc4 13. Qxc4 Rc8 14. Qb5 Na5 15.
Rad1 Qd5 16. Qxd5 Bxd5 17. Nd4 Bxg2 18. Kxg2 Nd5 19. Rc1 Bf6 20. e3 Rfd8 21.
Rxc8 Rxc8 22. Rc1 Rxc1 23. Bxc1 Nc3 24. Kf1 Kf8 25. Bb2 Ke8 26. Nc2 Be7 27. Ne1
g6 28. Nd3 Bf8 29. Ke1 1/2-1/2

[Event "Velka cena Tabora"]
[Site "?"]
[Date "2018.08.01"]
[Round "4.5"]
[White "Pribyl, Josef"]
[Black "Vasicek, Martin"]
[Result "1-0"]
[WhiteElo "2263"]
[BlackElo "2098"]
[PlyCount "65"]
[EventDate "2018.??.??"]

1. e4 c6 2. c4 d5 3. exd5 cxd5 4. cxd5 Nf6 5. Nc3 Nxd5 6. Bc4 Nxc3 7. Qf3 e6 8.
dxc3 Be7 9. Qg3 O-O 10. Nf3 Nd7 11. Bf4 Qa5 12. O-O Nf6 13. Be5 Bd7 14. Rfd1
Bb5 15. b4 Qa6 16. Bb3 Rad8 17. Bd4 Be2 18. Rd2 Bxf3 19. Qxf3 e5 20. Be3 Rxd2
21. Bxd2 Rd8 22. Be1 e4 23. Qf5 g6 24. Qa5 Qxa5 25. bxa5 Bc5 26. Rd1 Rxd1 27.
Bxd1 Nd5 28. Bb3 Ne7 29. Kf1 Kf8 30. Bd2 Nc6 31. a6 b6 32. Bd5 Nb8 33. Bf4 1-0

[Event "Velka cena Tabora"]
[Site "?"]
[Date "2018.08.01"]
[Round "4.7"]
[White "Brom, Jiri"]
[Black "Zeman, Matyas"]
[Result "0-1"]
[WhiteElo "2009"]
[BlackElo "2181"]
[PlyCount "36"]
[EventDate "2018.??.??"]

1. e4 e6 2. Nf3 d5 3. e5 c5 4. g3 Nc6 5. Bg2 Qc7 6. Qe2 g6 7. O-O Bg7 8. Re1
Nge7 9. c3 b6 10. d3 h6 11. h4 Ba6 12. Bf4 O-O-O 13. a4 g5 14. hxg5 Ng6 15. Na3
Rdg8 16. b4 hxg5 17. Bxg5 Ncxe5 18. Nxe5 Bxe5 0-1

[Event "Velka cena Tabora"]
[Site "?"]
[Date "2018.08.01"]
[Round "4.8"]
[White "Nehyba, Martin"]
[Black "Tesar, Jan"]
[Result "1-0"]
[WhiteElo "2163"]
[BlackElo "2047"]
[PlyCount "81"]
[EventDate "2018.??.??"]

1. e4 c5 2. c3 d6 3. d4 Nf6 4. f3 cxd4 5. cxd4 g6 6. Nc3 Bg7 7. Be3 O-O 8. Bd3
Nc6 9. Nge2 Nd7 10. Qd2 e5 11. d5 Nd4 12. Bxd4 exd4 13. Nb5 Qb6 14. a4 Nc5 15.
a5 Qd8 16. Nbxd4 Qh4+ 17. g3 Qh3 18. Nf4 Qh6 19. Be2 g5 20. Ng2 Bh3 21. O-O
Rfe8 22. Rf2 Qf6 23. Rd1 Qe5 24. Ne3 Bd7 25. Nef5 Qf6 26. h4 gxh4 27. gxh4 Kh8
28. Rg2 Rg8 29. Kh1 Bf8 30. Rxg8+ Kxg8 31. Qf4 Kh8 32. Rg1 Rd8 33. Qg4 Bh6 34.
Qh5 Bf4 35. Rg7 Bxf5 36. Nxf5 h6 37. Rxf7 Qxb2 38. Nxh6 Qc1+ 39. Kg2 Bxh6 40.
Qg6 Rg8 41. Rh7# 1-0

[Event "Velka cena Tabora"]
[Site "?"]
[Date "2018.08.01"]
[Round "4.9"]
[White "Rolinek, Dominik"]
[Black "Chval, Zdenek"]
[Result "1/2-1/2"]
[WhiteElo "2004"]
[BlackElo "2138"]
[PlyCount "80"]
[EventDate "2018.??.??"]

1. d4 Nf6 2. c4 g6 3. Nc3 Bg7 4. e4 O-O 5. Be2 d6 6. Bg5 Nbd7 7. Qd2 e5 8. d5
Nc5 9. f3 a5 10. Bd1 Bd7 11. Nge2 h6 12. Be3 Kh7 13. Bc2 Qe7 14. O-O c6 15. b3
cxd5 16. cxd5 b5 17. Bxc5 dxc5 18. Rfc1 Rfc8 19. a4 b4 20. Nd1 Ne8 21. Ne3 Nd6
22. Bd3 h5 23. Ng3 Bh6 24. Qe2 Qg5 25. Nc4 Nxc4 26. Rxc4 Qe3+ 27. Kf1 h4 28.
Qxe3 Bxe3 29. Ne2 Rf8 30. Rd1 Kh6 31. Bb1 Bc8 32. Bd3 Kg5 33. Ng1 Kf6 34. Ke2
Bd4 35. Kd2 Ke7 36. Ne2 Bd7 37. Nxd4 cxd4 38. Rdc1 Rfc8 39. Rxc8 Rxc8 40. Rxc8
Bxc8 1/2-1/2

[Event "Velka cena Tabora"]
[Site "?"]
[Date "2018.08.01"]
[Round "4.10"]
[White "Nagy, Ladislav"]
[Black "Mulenko, Alexander"]
[Result "1/2-1/2"]
[WhiteElo "1996"]
[BlackElo "2109"]
[PlyCount "58"]
[EventDate "2018.??.??"]

1. e4 Nf6 2. e5 Nd5 3. d4 d6 4. Nf3 dxe5 5. Nxe5 c6 6. c4 Nb4 7. Be3 Bf5 8. Nd3
e5 9. Nxb4 Bxb4+ 10. Nc3 Qa5 11. Qb3 exd4 12. Bxd4 O-O 13. Be2 Re8 14. O-O c5
15. Be3 Bxc3 16. Qxc3 Qxc3 17. bxc3 Nd7 18. Rfd1 Nf6 19. Bf3 Be4 20. Bxc5 Bxf3
21. gxf3 Rec8 22. Bd4 Rxc4 23. Bxf6 gxf6 24. Rd7 Rxc3 25. Rxb7 Rxf3 26. Rc1 Ra3
27. Rcc7 Rf8 28. Rxa7 Rxa7 29. Rxa7 Rc8 1/2-1/2

[Event "Velka cena Tabora"]
[Site "?"]
[Date "2018.07.31"]
[Round "4.11"]
[White "Volodin, Viktor"]
[Black "Placer, Sebastian"]
[Result "1-0"]
[WhiteElo "2188"]
[BlackElo "1868"]
[PlyCount "99"]
[EventDate "2018.??.??"]

1. Nf3 d5 2. d4 Nf6 3. c4 c6 4. Nc3 Bf5 5. Qb3 Qb6 6. c5 Qxb3 7. axb3 e6 8. b4
Be7 9. b5 O-O 10. e3 cxb5 11. Bxb5 Nfd7 12. O-O Rc8 13. Bd2 Nc6 14. Na4 Be4 15.
Nc3 Bxf3 16. gxf3 a6 17. Bd3 Bf6 18. Kg2 g6 19. f4 Bd8 20. Rfb1 f5 21. b4 Ra7
22. Ne2 Rca8 23. Rc1 Kf7 24. Rab1 Rc8 25. Nc3 b5 26. cxb6 Nxb6 27. b5 Na5 28.
bxa6 Nac4 29. Nb5 Rxa6 30. Nd6+ Nxd6 31. Bxa6 Rxc1 32. Rxc1 Ndc4 33. Bb4 Be7
34. Bc5 Nd7 35. Bxe7 Kxe7 36. Bxc4 dxc4 37. Rxc4 Kd6 38. Ra4 Nf6 39. Ra7 Nd7
40. h4 Ke7 41. Kg3 h5 42. Kf3 Ke8 43. Ke2 Ke7 44. Kd3 Kd6 45. Kc4 Nf6 46. Rg7
Ne4 47. Rxg6 Nxf2 48. d5 Ne4 49. Rxe6+ Kd7 50. Rxe4 1-0

[Event "Velka cena Tabora"]
[Site "?"]
[Date "2018.07.31"]
[Round "4.12"]
[White "Lys, Josef"]
[Black "Plasil, Vojtech"]
[Result "1-0"]
[WhiteElo "2118"]
[BlackElo "1859"]
[PlyCount "93"]
[EventDate "2018.??.??"]

1. d4 d5 2. c4 e6 3. Nf3 Nf6 4. Nc3 Nbd7 5. Bg5 Be7 6. e3 O-O 7. Be2 c6 8. O-O
dxc4 9. Bxc4 Nb6 10. Bd3 h6 11. Bh4 Nbd5 12. Rc1 b6 13. Bb1 Bb7 14. Ne5 c5 15.
dxc5 Nxc3 16. Rxc3 Bxc5 17. Ng4 Qxd1 18. Nxf6+ gxf6 19. Rxd1 Kg7 20. e4 Rfd8
21. Rg3+ Kf8 22. Rgd3 Rxd3 23. Bxd3 Be7 24. f3 Rd8 25. Kf1 Rxd3 26. Rxd3 Ba6
27. Ke2 Kg7 28. e5 Kg6 29. g4 h5 30. h3 hxg4 31. hxg4 Kg7 32. a3 Kg6 33. Kd2
Bxd3 34. Kxd3 Bd8 35. Kc4 a6 36. a4 Be7 37. b4 Bd8 38. b5 a5 39. f4 Be7 40. Bf2
Bd8 41. exf6 Bc7 42. Bd4 Bd8 43. Kd3 Bc7 44. Ke4 Bd8 45. Be5 Kh6 46. f5 exf5+
47. Kxf5 1-0

[Event "Velka cena Tabora"]
[Site "?"]
[Date "2018.07.31"]
[Round "4.13"]
[White "Lauko, Marian"]
[Black "Nejdl, Eduard"]
[Result "0-1"]
[WhiteElo "1853"]
[BlackElo "2059"]
[PlyCount "68"]
[EventDate "2018.??.??"]

1. d4 Nf6 2. Nf3 g6 3. c4 Bg7 4. g3 O-O 5. Bg2 d6 6. O-O Nbd7 7. Nc3 a6 8. e4
e5 9. d5 b5 10. cxb5 axb5 11. Nxb5 Ba6 12. Nc3 Bxf1 13. Bxf1 Nc5 14. Qc2 Qb8
15. Be3 Nfd7 16. Bb5 Qc8 17. b4 Na6 18. a3 Nxb4 19. Qb1 Na6 20. a4 Ndc5 21. Qf1
h6 22. Bc6 Rb8 23. Bb5 Kh7 24. Nd2 f5 25. f3 h5 26. Rc1 f4 27. Bf2 Bh6 28. Rc2
c6 29. Bxa6 Nxa6 30. gxf4 Bxf4 31. Bg3 Nb4 32. Rb2 cxd5 33. exd5 Nxd5 34. Rxb8
Qxb8 0-1

[Event "Velka cena Tabora"]
[Site "?"]
[Date "2018.07.31"]
[Round "4.14"]
[White "Otradovec, Lubos"]
[Black "Kudrlicka, Ladislav"]
[Result "0-1"]
[WhiteElo "1871"]
[BlackElo "2031"]
[PlyCount "112"]
[EventDate "2018.??.??"]

1. e4 e5 2. d4 exd4 3. c3 d5 4. exd5 Qxd5 5. cxd4 Nc6 6. Nf3 Nf6 7. Be2 Bb4+ 8.
Nc3 O-O 9. O-O Qd8 10. Bg5 h6 11. Bh4 Be7 12. Re1 Nd5 13. Bxe7 Ncxe7 14. Qb3 c6
15. Rad1 Qb6 16. Bc4 Be6 17. Ne4 Rad8 18. h3 Nf4 19. Nc5 Bxc4 20. Qxc4 Nfd5 21.
Ne5 Qc7 22. b4 Nf5 23. a4 a6 24. Nb3 Nd6 25. Qc5 f6 26. Ng6 Rfe8 27. Rxe8+ Rxe8
28. Rc1 Qd7 29. Qc2 Nxb4 30. Qd2 Nd5 31. Re1 Rxe1+ 32. Qxe1 Qe8 33. Qxe8+ Nxe8
34. Nc5 Nd6 35. h4 h5 36. f3 a5 37. Kf2 b6 38. Nd3 b5 39. Nc5 Nc3 40. Ne7+ Kf7
41. Nxc6 bxa4 42. Nxa5 Nf5 43. g3 a3 44. Nc4 a2 45. Nb3 Nxd4 46. Na1 Nf5 47.
Ne3 Ke6 48. Nxf5 Kxf5 49. Ke3 g5 50. Nc2 gxh4 51. gxh4 Nd5+ 52. Kd4 Nb4 53. Na1
Kf4 54. Kc4 Nc6 55. Kd5 Ne5 56. Ke6 Nxf3 0-1

[Event "Velka cena Tabora"]
[Site "?"]
[Date "2018.07.31"]
[Round "4.15"]
[White "Mosnicka, Jan"]
[Black "Kubin, Petr"]
[Result "1/2-1/2"]
[WhiteElo "1836"]
[BlackElo "1898"]
[PlyCount "61"]
[EventDate "2018.??.??"]

1. e4 c5 2. Nf3 d6 3. c3 Nf6 4. Bc4 e6 5. d3 Be7 6. O-O O-O 7. Re1 Nc6 8. a4 d5
9. Bb3 dxe4 10. dxe4 Qxd1 11. Bxd1 e5 12. Bb3 Bg4 13. Nbd2 Rad8 14. h3 Bxf3 15.
Nxf3 h6 16. Bc2 Nh7 17. Be3 b6 18. Rad1 Ng5 19. Nxg5 Bxg5 20. Bxg5 hxg5 21. Bb3
Rfe8 22. Kf1 Kf8 23. Bc4 f6 24. Bd5 Ne7 25. Bc4 Nc6 26. Bd5 Nb8 27. Bb7 Ke7 28.
Ke2 Rxd1 29. Rxd1 Rd8 30. Bd5 Rd6 31. Rb1 1/2-1/2

[Event "Velka cena Tabora"]
[Site "?"]
[Date "2018.07.31"]
[Round "4.16"]
[White "Toman, Antonin"]
[Black "Svetly, Jiri"]
[Result "1/2-1/2"]
[WhiteElo "1816"]
[BlackElo "1985"]
[PlyCount "40"]
[EventDate "2018.??.??"]

1. e4 d6 2. d4 Nf6 3. Nc3 g6 4. f4 Bg7 5. Nf3 O-O 6. Bd3 Bg4 7. O-O c6 8. Be3
b5 9. a3 a6 10. h3 Bxf3 11. Qxf3 e6 12. Rad1 Nbd7 13. Kh1 Qc7 14. Ne2 c5 15. c3
Kh8 16. g4 Rad8 17. Ng3 Kg8 18. Rg1 Nb6 19. g5 Nfd7 20. h4 f5 1/2-1/2

[Event "Velka cena Tabora"]
[Site "?"]
[Date "2018.07.31"]
[Round "4.17"]
[White "Slajs, Vlastimil"]
[Black "Matejka, radek"]
[Result "0-1"]
[WhiteElo "1805"]
[BlackElo "1923"]
[PlyCount "68"]
[EventDate "2018.??.??"]

1. d4 c5 2. d5 e5 3. e4 d6 4. Bb5+ Nd7 5. Ne2 a6 6. Bxd7+ Bxd7 7. O-O Be7 8. f4
Qc7 9. fxe5 dxe5 10. c4 b5 11. b3 h6 12. Be3 Nf6 13. Ng3 Ng4 14. Bd2 Bg5 15.
Nf5 Bxf5 16. Rxf5 Ne3 17. Bxe3 Bxe3+ 18. Kh1 Bd4 19. Nd2 Bxa1 20. Qxa1 f6 21.
Qd1 O-O 22. Qe2 Rab8 23. Rf1 Qa5 24. Ra1 Qc3 25. Qd1 Qd4 26. Qc1 bxc4 27. Nxc4
f5 28. exf5 Rxf5 29. d6 Rbf8 30. h3 Qxa1 31. Qxa1 Rf1+ 32. Qxf1 Rxf1+ 33. Kh2
e4 34. d7 Rd1 0-1

[Event "Velka cena Tabora"]
[Site "?"]
[Date "2018.07.31"]
[Round "4.18"]
[White "Sedivy, Karel"]
[Black "Hasek, Vaclav"]
[Result "1/2-1/2"]
[WhiteElo "1741"]
[BlackElo "1913"]
[PlyCount "52"]
[EventDate "2018.??.??"]

1. Nf3 d5 2. d4 c6 3. g3 Bf5 4. Bg2 Nf6 5. Nbd2 e6 6. O-O Nbd7 7. c4 Be7 8. b3
O-O 9. Bb2 Rc8 10. c5 Ne4 11. b4 Bf6 12. Nxe4 Bxe4 13. Nd2 Bxg2 14. Kxg2 e5 15.
dxe5 Nxe5 16. Nf3 Nxf3 17. Bxf6 Qxf6 18. exf3 Rfe8 19. Rb1 Qc3 20. Rb3 Qc4 21.
Re3 Re6 22. Rfe1 Rce8 23. a3 Rxe3 24. fxe3 Qa2+ 25. Kh3 Qxa3 26. Qd4 h6 1/2-1/2

[Event "Velka cena Tabora"]
[Site "?"]
[Date "2018.07.31"]
[Round "4.19"]
[White "Vavrousek, Petr"]
[Black "Masek, Jan"]
[Result "1/2-1/2"]
[WhiteElo "1686"]
[BlackElo "1909"]
[PlyCount "116"]
[EventDate "2018.??.??"]

1. e4 e5 2. Nf3 Nc6 3. Bc4 Bc5 4. O-O Nf6 5. d3 O-O 6. h3 d6 7. c3 Na5 8. Bb5
a6 9. Ba4 Ba7 10. Re1 b5 11. Bc2 h6 12. Nbd2 Re8 13. Nf1 Be6 14. Ng3 Qd7 15. d4
exd4 16. cxd4 c6 17. a4 b4 18. b3 Nb7 19. Bb2 a5 20. d5 cxd5 21. Bxf6 dxe4 22.
Nxe4 d5 23. Ng3 gxf6 24. Qd3 f5 25. Nxf5 Bxf5 26. Qxf5 Qxf5 27. Bxf5 Nd6 28.
Bd3 Rac8 29. Rxe8+ Rxe8 30. Rc1 Ne4 31. Bxe4 dxe4 32. Re1 f5 33. Nh4 Re5 34.
Rd1 Bc5 35. Ng6 Re6 36. Nf4 Rc6 37. Rd5 e3 38. Nd3 exf2+ 39. Kf1 Be3 40. Rxf5
Rc3 41. Nxf2 Rxb3 42. Rxa5 Ra3 43. Ke2 Bb6 44. Ra8+ Kg7 45. Nd3 Ra2+ 46. Kd1 b3
47. Kc1 Be3+ 48. Kb1 Bd4 49. Kc1 Ra1+ 50. Kd2 b2 51. Nxb2 Bxb2 52. Ke2 Ra3 53.
Rb8 Bd4 54. Rb4 Bf6 55. Rg4+ Kf7 56. h4 Ke6 57. Rg6 Kf5 58. Rxh6 Rxa4 1/2-1/2

[Event "Velka cena Tabora"]
[Site "?"]
[Date "2018.07.31"]
[Round "4.20"]
[White "Sourek, Martin"]
[Black "Herynek, Petr"]
[Result "1-0"]
[WhiteElo "1872"]
[BlackElo "1566"]
[PlyCount "80"]
[EventDate "2018.??.??"]

1. d4 Nf6 2. Bf4 d5 3. e3 g6 4. Nc3 Nh5 5. Bg5 Bg7 6. Be2 Nf6 7. h4 h5 8. Nf3
Nc6 9. Bf4 a6 10. Ne5 Bf5 11. Nxc6 bxc6 12. f3 Nd7 13. e4 Be6 14. Qd2 Qb8 15.
b3 Qb4 16. Rd1 dxe4 17. Nxe4 Qb6 18. Be3 Qb7 19. Ng5 Bf5 20. Bc4 e6 21. O-O O-O
22. Ne4 Bxe4 23. fxe4 Nf6 24. e5 Nd5 25. Bg5 Qb4 26. Qxb4 Nxb4 27. Be7 Rfb8 28.
Rf2 Nxa2 29. Rdf1 Nc3 30. Rxf7 Nd5 31. Bd3 Kh7 32. Bf6 Rg8 33. Rf3 Raf8 34. Rd7
a5 35. Be4 Rc8 36. c4 Nb6 37. Rf7 Na8 38. Rg3 Rcf8 39. Bxg6+ Kh6 40. Bxg7+ Rxg7
1-0

[Event "Velka cena Tabora"]
[Site "?"]
[Date "2018.07.31"]
[Round "4.21"]
[White "Odehnal, Jaroslav"]
[Black "Hercik, Josef"]
[Result "1-0"]
[WhiteElo "1974"]
[BlackElo "1871"]
[PlyCount "139"]
[EventDate "2018.??.??"]

1. d4 d5 2. c4 e6 3. Nc3 c6 4. Nf3 Nf6 5. g3 Bb4 6. Qb3 Qb6 7. c5 Bxc3+ 8. Qxc3
Qc7 9. Bf4 Qd8 10. Bg2 Ne4 11. Qc2 Nd7 12. O-O g5 13. Bc1 f6 14. Nd2 Nxd2 15.
Bxd2 f5 16. f3 O-O 17. e4 Qf6 18. Qd3 Rf7 19. Rae1 h6 20. exd5 cxd5 21. b4 b5
22. Rf2 a6 23. Bc3 Nf8 24. f4 g4 25. Rfe2 Bd7 26. Re3 Ra7 27. Qc2 h5 28. Ba1
Bc6 29. Qe2 Rae7 30. Bf1 Kg7 31. Qc2 Ra7 32. Bd3 Kg6 33. Qe2 Rab7 34. Bc3 Kg7
35. Qf1 Kg6 36. Qe2 Kg7 37. a3 Kg6 38. Re5 Kg7 39. Qd1 Rfe7 40. Qe2 Rf7 41. a4
Rb8 42. axb5 axb5 43. Ra1 Rc7 44. Ra6 Kf7 45. Qa2 Nd7 46. Re1 h4 47. Qf2 h3 48.
Rea1 Rbb7 49. Qe2 Qe7 50. R1a5 Nf6 51. Bxb5 Bxb5 52. Rxb5 Ne4 53. Be1 Qf6 54.
Rxb7 Rxb7 55. Qd3 Qe7 56. Qa3 Qf6 57. Qa1 Qe7 58. c6 Rc7 59. b5 Kg6 60. Qa3 Qf6
61. Qb4 Nd6 62. Bf2 Ne4 63. Kf1 Qg7 64. Ra3 Ra7 65. Ra6 Kh5 66. Qa4 Rc7 67. b6
Rxc6 68. Qxc6 Nf6 69. Qxe6 Ne4 70. Qxf5+ 1-0

[Event "Velka cena Tabora"]
[Site "?"]
[Date "2018.07.31"]
[Round "4.22"]
[White "Van Nieuwenhuizen, Hans"]
[Black "Bartos, Alois"]
[Result "0-1"]
[WhiteElo "1864"]
[BlackElo "1971"]
[PlyCount "80"]
[EventDate "2018.??.??"]

1. e4 c5 2. c3 d5 3. exd5 Qxd5 4. d4 e6 5. Nf3 Nf6 6. Be2 Nc6 7. Na3 cxd4 8.
Nb5 Qd8 9. Bf4 Nd5 10. Bg5 f6 11. Bd2 dxc3 12. Nxc3 Nxc3 13. Bxc3 Qxd1+ 14.
Rxd1 Be7 15. Bb5 Kf7 16. O-O e5 17. h3 Be6 18. Bxc6 bxc6 19. b3 Rhd8 20. Ba5
Rxd1 21. Rxd1 Bd5 22. Ne1 Rb8 23. Nc2 Ke6 24. Ne3 Rb5 25. Bc3 h5 26. Kf1 f5 27.
f3 g6 28. Ke2 a6 29. Rd2 e4 30. f4 h4 31. Nc2 Rb8 32. Nd4+ Kf7 33. Ke3 Rg8 34.
Rc2 c5 35. Ne2 g5 36. Be5 g4 37. hxg4 Rxg4 38. Nc3 Rg3+ 39. Kf2 Bc6 40. Ne2 e3+
0-1

[Event "Velka cena Tabora"]
[Site "?"]
[Date "2018.07.31"]
[Round "4.23"]
[White "Chalupecky, Vladimir"]
[Black "Rybin, Jan"]
[Result "1/2-1/2"]
[WhiteElo "1943"]
[BlackElo "1851"]
[PlyCount "142"]
[EventDate "2018.??.??"]

1. e4 c6 2. d4 d5 3. Nc3 dxe4 4. Nxe4 Nd7 5. Nf3 Ngf6 6. Ng3 e6 7. Bd3 Be7 8.
Bd2 Qb6 9. b3 c5 10. c3 cxd4 11. cxd4 Nd5 12. O-O O-O 13. Rc1 N7f6 14. Qe1 Bb4
15. Ne4 Nxe4 16. Qxe4 Nf6 17. Qh4 Bxd2 18. Nxd2 Rd8 19. Rc5 Qd6 20. Rfc1 b6 21.
Rc6 Qd5 22. Ne4 Bb7 23. Nxf6+ gxf6 24. Be4 Qxd4 25. Bxh7+ Kg7 26. Qxd4 Rxd4 27.
Rc7 Bxg2 28. Kxg2 Kxh7 29. Rxf7+ Kg6 30. Rcc7 a5 31. Rg7+ Kf5 32. Rg3 Rad8 33.
Rcc3 e5 34. Rcf3+ Rf4 35. Rxf4+ Kxf4 36. Rc3 Rd6 37. Rf3+ Kg4 38. h3+ Kg5 39.
Rg3+ Kf4 40. h4 e4 41. h5 Rd5 42. h6 Rh5 43. Rh3 Rg5+ 44. Kf1 Rg8 45. Ke2 Rh8
46. h7 f5 47. a4 Kg4 48. Rh1 f4 49. Kd2 Kf3 50. Ke1 e3 51. fxe3 Kxe3 52. Rh6 f3
53. Kf1 Rc8 54. Re6+ Kf4 55. Rxb6 Rc1+ 56. Kf2 Rc2+ 57. Ke1 Rh2 58. Rb7 Ke3 59.
Re7+ Kd3 60. Kf1 f2 61. Rc7 Ke3 62. Rc3+ Kd4 63. Rf3 Rxh7 64. Kxf2 Rh2+ 65. Ke1
Rc2 66. Kd1 Rc3 67. Rf4+ Kd5 68. Rh4 Rxb3 69. Rh5+ Kd4 70. Rxa5 Kc4 71. Kc2 Ra3
1/2-1/2

[Event "Velka cena Tabora"]
[Site "?"]
[Date "2018.07.31"]
[Round "4.24"]
[White "Flajsman, Pavel"]
[Black "Cieslak, Leszek"]
[Result "1-0"]
[WhiteElo "1828"]
[BlackElo "1926"]
[PlyCount "47"]
[EventDate "2018.??.??"]

1. e4 c5 2. Nc3 Nc6 3. d3 g6 4. Be3 d6 5. d4 cxd4 6. Bxd4 Nxd4 7. Qxd4 Nf6 8.
e5 dxe5 9. Bb5+ Bd7 10. Qxe5 Bxb5 11. Nxb5 Bg7 12. Nc7+ Kf8 13. Nxa8 Qxa8 14.
O-O-O Qc8 15. Nh3 Ne8 16. Qe2 Nd6 17. Rhe1 Bf6 18. Kb1 Qc5 19. c3 Kg7 20. Nf4
e6 21. Nd3 Qb6 22. Qe3 Qb5 23. Qc5 Qd7 24. Ne5 1-0

[Event "Velka cena Tabora"]
[Site "?"]
[Date "2018.07.31"]
[Round "4.25"]
[White "Bukowska, Katarzyna"]
[Black "Rolinek, Frantisek"]
[Result "1/2-1/2"]
[WhiteElo "1921"]
[BlackElo "1849"]
[PlyCount "29"]
[EventDate "2018.??.??"]

1. e4 d6 2. d4 e5 3. Nf3 exd4 4. Nxd4 Nf6 5. Nc3 Nbd7 6. Bd3 g6 7. O-O Bg7 8.
Nde2 O-O 9. Bg5 h6 10. Bh4 g5 11. Bg3 Ne5 12. Bxe5 dxe5 13. Ng3 c6 14. Qe2 Qb6
15. b3 {Necitelny zapis} 1/2-1/2

[Event "Velka cena Tabora"]
[Site "?"]
[Date "2018.07.31"]
[Round "4.26"]
[White "Zidu, Jan"]
[Black "Cipera, Josef"]
[Result "1/2-1/2"]
[WhiteElo "1913"]
[BlackElo "1688"]
[PlyCount "41"]
[EventDate "2018.??.??"]

1. e4 c5 2. Nf3 e6 3. d4 cxd4 4. Nxd4 a6 5. Bd3 Nc6 6. Nxc6 bxc6 7. O-O d5 8.
Nd2 Nf6 9. e5 Nd7 10. f4 Bc5+ 11. Kh1 g6 12. Nf3 h6 13. c3 a5 14. Re1 Ba6 15.
Bc2 Bf2 16. Nd4 Bxe1 17. Qxe1 c5 18. Nf3 Nb6 19. Be3 Rc8 20. Qf2 Qe7 21. b4
1/2-1/2

[Event "Velka cena Tabora"]
[Site "?"]
[Date "2018.07.31"]
[Round "4.27"]
[White "Krbusik, Marian"]
[Black "Janousek, Petr"]
[Result "1/2-1/2"]
[WhiteElo "1902"]
[BlackElo "1659"]
[PlyCount "102"]
[EventDate "2018.??.??"]

1. e4 c6 2. d4 d5 3. e5 Bf5 4. Bd3 Bxd3 5. Qxd3 e6 6. c3 Nd7 7. Nf3 Ne7 8. O-O
c5 9. Be3 cxd4 10. cxd4 a6 11. Nc3 g6 12. Rac1 Bg7 13. Bg5 h6 14. Bd2 Nb8 15.
Na4 Nbc6 16. Nc5 Qc8 17. Na4 Qd8 18. Nc5 Qc8 19. b4 b6 20. Nb3 O-O 21. Rfd1 Qb7
22. a4 Rfc8 23. h4 Nb8 24. Rxc8+ Qxc8 25. Rc1 Qd8 26. a5 b5 27. Nc5 Ra7 28. g3
Nd7 29. Nh2 Nxc5 30. bxc5 Nc6 31. Ra1 h5 32. Nf3 Qe8 33. Bg5 Rb7 34. Nd2 Nb4
35. Qb1 Nc6 36. Qd3 Nb4 37. Qc3 Nc6 38. Nb3 Kh7 39. Qd3 Nb4 40. Qe2 Nc6 41. g4
hxg4 42. Qxg4 Qf8 43. Kg2 Bh6 44. Rh1 Bxg5 45. hxg5+ Kg8 46. Qh3 Qg7 47. Qd3
Rc7 48. Re1 Rb7 49. Qe2 Qh7 50. Rh1 Qg7 51. Kg3 Rc7 1/2-1/2

[Event "Velka cena Tabora"]
[Site "?"]
[Date "2018.07.31"]
[Round "4.28"]
[White "Svec, Vitezslav"]
[Black "Hak, David"]
[Result "0-1"]
[WhiteElo "1632"]
[BlackElo "1886"]
[PlyCount "50"]
[EventDate "2018.??.??"]

1. d4 Nf6 2. Bf4 d5 3. e3 e6 4. c3 Bd6 5. Bg3 c5 6. Bd3 Nc6 7. Nf3 Qc7 8. dxc5
Bxg3 9. hxg3 e5 10. Bb5 Bd7 11. c4 dxc4 12. Bxc4 Qa5+ 13. Nc3 Qxc5 14. Bxf7+
Kxf7 15. Qb3+ Ke7 16. Ng5 Raf8 17. O-O-O Nd8 18. Kb1 h6 19. Nd5+ Nxd5 20. Rxd5
hxg5 21. Rxh8 Bf5+ 22. Rd3 Bxd3+ 23. Qxd3 Rxh8 24. a3 Rh1+ 25. Ka2 Rc1 0-1

[Event "Velka cena Tabora"]
[Site "?"]
[Date "2018.07.31"]
[Round "4.29"]
[White "Hanak, Tomas"]
[Black "Vagra, Hynek"]
[Result "1-0"]
[WhiteElo "1876"]
[BlackElo "1473"]
[PlyCount "83"]
[EventDate "2018.??.??"]

1. e4 e5 2. Nf3 Nc6 3. Bb5 a6 4. Ba4 Nf6 5. O-O d6 6. c3 b5 7. Bc2 Be7 8. d4
O-O 9. h3 h6 10. Nbd2 Re8 11. Re1 Bf8 12. Nf1 Bb7 13. Ng3 Na5 14. b3 c5 15. d5
Bc8 16. Be3 Nh7 17. Rf1 Be7 18. Qd2 Ng5 19. Nh2 Nh7 20. f4 exf4 21. Bxf4 Bg5
22. Nf3 Bxf4 23. Qxf4 Qf6 24. Qd2 Qd8 25. Nh5 Ra7 26. Rae1 Ng5 27. Nh2 Rae7 28.
Ng3 Bd7 29. Re2 f6 30. Ref2 Bxh3 31. gxh3 Nxh3+ 32. Kg2 Nxf2 33. Rxf2 Rf8 34.
Nf5 Rd7 35. Qf4 Nb7 36. Rf3 Kh8 37. Rh3 g5 38. Rxh6+ Rh7 39. Rxh7+ Kxh7 40. Qg3
Qd7 41. Qh3+ Kg6 42. Nh4+ 1-0